000 00788nam a2200265Ia 4500
003 OSt
005 20221006150053.0
006 a|||||r|||| 00| 0
007 ta
008 221006b |||||||| |||| 00| 0 jpn d
024 _a17,012
037 _bGift, Japan Foundation
_cTextual
040 _aEASL
_cEASL
_bjpn
041 _2jpn
_ajpn
082 _aLv42.N97, N7
100 _aYAMADA Keiji Ed.
_9655780
245 0 _aRekishi no naka no yamai to igaku
260 _aKyoto
_bKokusai Nihon Bunka Kenkyu Senta Japan
_c1997
300 _a632p.
_ccm.
490 _v JL
650 _aJL
700 _a KURIYAMA Shigehisha Ed.
_9655781
942 _hLv42.N97, N7
_cTEXL
_2CC
999 _c1085098
_d1085098